000 01098cam a2200289 a 4500
001 931
003 BD-RjUL
005 20211208233241.0
008 131124s1932 ctu 000 0 eng
035 _a(BD-RjUL)953
040 _aDLC
_cDLC
_dDLC
_dBD-RjUL
_beng
041 _aeng
082 0 0 _a142.3
_219
_bBEH 1967
100 1 _aBecker, Carl L.
_q(Carl Lotus),
_d1873-1945.
_92764
245 1 4 _aThe heavenly city of the eighteenth century philosophers /
_cCarl L. Becker.
260 _aNew Haven :
_bYale university press,
_cc1932 [Printed 1967].
300 _a168 p. ;
_c20 cm.
500 _a"Lectures delivered in the School of law in Yale university on the Storrs foundation ... April, 1931."--Pref.
500 _a"Published on the Mary Cady Tew memorial fund."--1st prelim. leaf.
650 0 _aPhilosophy, Modern
_y18th century.
_92765
650 0 _aPhilosophy and religion
_xHistory
_y18th century.
_92766
650 0 _aHistory
_xPhilosophy
_xHistory
_y18th century.
_92767
710 2 _aYale University.
_bMary Cady Tew fund.
_92768
942 _2ddc
_cBK
999 _c931
_d931